Catálogo

Las religiones constituidas en occidente y sus contracorrientes, I / (Registro nro. 43620)

Detalles MARC
000 -LEADER
fixed length control field 01082cam a2200301 i 4500
001 - CONTROL NUMBER
control field 43620
003 - CONTROL NUMBER IDENTIFIER
control field Mx-PuUPA
005 - DATE AND TIME OF LATEST TRANSACTION
control field 20240410104022.0
008 - FIXED-LENGTH DATA ELEMENTS--GENERAL INFORMATION
fixed length control field 140415s1981 mx b r 000 0 spa d
020 ## - INTERNATIONAL STANDARD BOOK NUMBER
International Standard Book Number 9682310598 (v.7)
040 ## - CATALOGING SOURCE
Original cataloging agency Mx-PuUPA
Language of cataloging spa
Transcribing agency Mx-PuUPA
Modifying agency Mx-PuUPA
Description conventions rda
041 1# - LANGUAGE CODE
Language code of text/sound track or separate title spa
Language code of original eng
130 ## - MAIN ENTRY--UNIFORM TITLE
Authority record control number or standard number Histoire des religions 2.
245 14 - TITLE STATEMENT
Title Las religiones constituidas en occidente y sus contracorrientes, I /
Statement of responsibility, etc. bajo la dirección de Henri-Charles Puech ; traducción Manuel Mallofret
264 #4 - PRODUCTION, PUBLICATION, DISTRIBUTION, MANUFACTURE, AND COPYRIGHT NOTICE
Place of production, publication, distribution, manufacture México, D.F. :
Name of producer, publisher, distributor, manufacturer Siglo XXI Editores,
Date of production, publication, distribution, manufacture, or copyright notice 1981
300 ## - PHYSICAL DESCRIPTION
Extent viii, 505 páginas :
Other physical details mapas ;
Dimensions 18 cm.
336 ## - CONTENT TYPE
Content type term texto
Fuente rdacontent
Content type code txt
337 ## - MEDIA TYPE
Media type term sin medio
Source rdamedia
Media type code n
338 ## - CARRIER TYPE
Carrier type term volumen
Source rdacarrier
Carrier type code nc
490 0# - SERIES STATEMENT
Series statement Historia de las religiones, Siglo XXI ;
Volume/sequential designation 7
650 #4 - SUBJECT ADDED ENTRY--TOPICAL TERM
Topical term or geographic name entry element Religión
General subdivision Historia
-- Religiones
700 1# - ADDED ENTRY--PERSONAL NAME
Personal name Mallofret, Manuel,
Relator term traductor
740 ## - ADDED ENTRY--UNCONTROLLED RELATED/ANALYTICAL TITLE
Uncontrolled related/analytical title historie des religions
765 18 - ORIGINAL LANGUAGE ENTRY
Main entry heading Mallofret, Manuel.
Title Histoire des religions 2
942 ## - ADDED ENTRY ELEMENTS (KOHA)
Source of classification or shelving scheme Dewey Decimal Classification
Koha item type Libro
Classification part 291
Item part R382
Existencias
Withdrawn status Lost status Source of classification or shelving scheme Damaged status Not for loan Collection code Home library Current library Shelving location Date acquired Source of acquisition Total Checkouts Full call number Barcode Date last seen Date last checked out Price effective from Koha item type
    Dewey Decimal Classification     General Biblioteca Karol Wojtyla Biblioteca Karol Wojtyla Sala general 03/12/2013 Compra   291 R382 1981 65620 05/01/2026 06/10/2017 10/07/2018 Libro